| 000 | 01315cam a2200361 4500 | ||
|---|---|---|---|
| 999 |
_c28345 _d28316 |
||
| 001 | 3601580 | ||
| 003 | EG-ScBUE | ||
| 005 | 20200316105029.0 | ||
| 008 | 710122s1969 enkab f b 001 0 eng d | ||
| 040 |
_aDLC _beng _erda _cDLC _dDLC _dEG-ScBUE |
||
| 043 |
_ae-uk-en _ae-uk--- |
||
| 082 | 0 | 4 |
_a711.40942 _bMED _222 |
| 100 | 1 |
_aMedhurst, Franklin, _eauthor. |
|
| 245 | 1 | 0 |
_aUrban decay : _ban analysis and a policy / _cFranklin Medhurst and J. Parry Lewis with a chapter by Elizabeth Gittus. |
| 264 | 1 |
_aLondon, _bMacmillan, _c1969. |
|
| 300 |
_axvi, 174 pages : _billustrations, maps ; _c23 cm |
||
| 336 |
_2rdacontent _atext _btxt |
||
| 337 |
_2rdamedia _aunmediated _bn |
||
| 338 |
_2rdacarrier _avolume _bnc |
||
| 350 | _a65/- | ||
| 500 | _aIncludes appendices. | ||
| 504 | _aIncludes bibliographical references and index. | ||
| 650 | 7 |
_aUrban renewal _zEngland _zManchester metropolitan area. _2BUEsh |
|
| 650 | 7 |
_aHousing _zEngland _zManchester metropolitan area. _2BUEsh |
|
| 650 | 7 |
_aCities and towns _zGreat Britain. _2BUEsh |
|
| 653 |
_bGGEN _cMarch2020 |
||
| 655 |
_vReading book _934232 |
||
| 700 | 1 |
_aLewis, J. Parry _q(John Parry), _d1927- _ejoint author. |
|
| 700 | 1 |
_aGittus, Elizabeth _ejoint author. |
|
| 906 |
_a7 _bcbc _corignew _d3 _encip _f19 _gy-gencatlg |
||
| 942 |
_2ddc _cBB |
||